| 000 | 00512nam a2200217Ia 4500 | ||
|---|---|---|---|
| 003 | OSt | ||
| 005 | 20260220142610.0 | ||
| 008 | 210210b1989 xxu||||| |||| 00| 0 eng d | ||
| 020 | _a81 7018 716 8 | ||
| 040 | _cAL | ||
| 041 | _aeng | ||
| 082 | _a823.01 RAJT | ||
| 100 |
_aRaja P _9256107 |
||
| 245 | _aTales of Mulla Nasruddin | ||
| 260 |
_aN D _bB R Publishing Corporation _c1989 |
||
| 300 | _a111 | ||
| 650 |
_aTales _9256108 |
||
| 690 |
_aEnglish Fiction _9256109 |
||
| 906 | _a049519 | ||
| 942 |
_2ddc _cBK |
||
| 999 |
_c98315 _d98315 |
||